От редколлегии; Томский политехник; Вып. 20

التفاصيل البيبلوغرافية
Parent link:Томский политехник: ежегодный журнал/ Томский политехнический университет (ТПУ), Ассоциация выпускников.— , 1995-
Вып. 20.— 2015.— [С. 4-7]
المؤلف الرئيسي: Козырев М. С. Михаил Степанович
مؤلف مشترك: Национальный исследовательский Томский политехнический университет (ТПУ)
الملخص:Заглавие с титульного листа
اللغة:الروسية
الإنجليزية
منشور في: 2015
الموضوعات:
الوصول للمادة أونلاين:http://www.lib.tpu.ru/fulltext/v/Tomsk_polytechnic/2015/001.pdf
التنسيق: الكتروني فصل الكتاب
KOHA link:https://koha.lib.tpu.ru/cgi-bin/koha/opac-detail.pl?biblionumber=314744

MARC

LEADER 00000nla2a2200000 4500
001 314744
005 20231101014631.0
035 |a (RuTPU)RU\TPU\book\340167 
035 |a RU\TPU\book\331016 
090 |a 314744 
100 |a 20160218d2015 km y0rusy50 ca 
101 0 |a rus  |a eng 
102 |a RU 
135 |a drnn ---uucaa 
181 0 |a i  
182 0 |a b 
200 1 |a От редколлегии  |b Электронный ресурс  |d Editorial note  |f М. С. Козырев 
203 |a Текст  |c электронный 
215 |a 1 файл (937 Kb) 
230 |a Электронные текстовые данные (1 файл : 937 Kb) 
300 |a Заглавие с титульного листа 
337 |a Adobe Reader 
461 1 |0 (RuTPU)RU\TPU\book\202435  |t Томский политехник  |o ежегодный журнал  |f Томский политехнический университет (ТПУ), Ассоциация выпускников  |d 1995- 
463 1 |0 (RuTPU)RU\TPU\book\340158  |t Вып. 20  |v [С. 4-7]  |d 2015 
510 1 |a Editorial note  |z eng 
610 1 |a труды учёных ТПУ 
610 1 |a электронный ресурс 
610 1 |a ТПУ 
610 1 |a образование 
700 1 |a Козырев  |b М. С.  |c специалист в области экономики  |c советник ректора Томского политехнического университета  |c президент Ассоциации выпускников Томского политехнического университета  |f 1936-  |g Михаил Степанович  |2 stltpush  |3 (RuTPU)RU\TPU\pers\28549 
712 0 2 |a Национальный исследовательский Томский политехнический университет (ТПУ)  |c (2009- )  |2 stltpush  |3 (RuTPU)RU\TPU\col\15902 
801 1 |a RU  |b 63413507  |c 20101101 
801 2 |a RU  |b 63413507  |c 20160225  |g RCR 
856 4 |u http://www.lib.tpu.ru/fulltext/v/Tomsk_polytechnic/2015/001.pdf 
942 |c CF